| 000 | 00617nam a22001937a 4500 | ||
|---|---|---|---|
| 005 | 20251108175735.0 | ||
| 008 | 250721s2019 xx 000 0 ara d | ||
| 082 | 1 | 4 | _a658.4/حدي |
| 100 | 1 | _aالحديدي، فداء أحمد | |
| 245 | 1 | 0 |
_aالكوتشنج التنفيذي و الإداري : _bEXECUTIVE COACHING / |
| 246 | 1 | 1 | _aExecutive Coaching |
| 264 | 1 |
_aعمان : _bدار أمجد للنشر و التوزيع، _c2019. |
|
| 300 | _a(107)ص. | ||
| 650 | 1 | 7 | _aالتدريب |
| 650 | 1 | 7 | _aالمدربون |
| 650 | 1 | 7 | _aالأدارة التنفيذية |
| 942 |
_2ddc _cBK |
||
| 999 |
_c141280 _d141280 |
||